Statistiques concernant Drapeau des plus petits pays du monde

Cliquez ici pour prendre le quiz!

Statistiques générales

  • Ce quiz a été pris 62 fois
  • Le résultat moyen est 12 sur 16

Statistiques - réponses

Réponse% Correct
Vatican
98%
Monaco
95%
Malte
90%
Saint-Marin
90%
Liechtenstein
84%
Seychelles
84%
Barbade
76%
Nauru
72%
Maldives
71%
Tuvalu
71%
Saint Vincent
69%
Palaos
66%
Antigua
64%
Grenade
64%
îles Marshall
60%
Saint Christophe
57%

Distribution des résultats

Percentile par nombre de réponses

% des personnes avec chaque résultat

Votre développement - résultats

Vous n’avez pas pris ce quiz